000 00755nam a22002057a 4500
999 _c442360
_d442360
003 UA-OsUOA
005 20191002093607.0
008 190930b un ||||| |||| 00| 0 ukr d
040 _aUA-OsUOA
_bukr
_cUA-OsUOA
_dUA-OsUOA
041 _aukr
080 _a821.161.2
090 _a821.161.2
_bК61
100 _aКлочан Д.
245 _aГолубе золото
_bповість
_cДмитро Клочан ; ред. Р. Я. Кальницький
260 _aХарків
_bПрапор
_c152 с.
856 4 0 _yКлацніть тут для перегляду онлайн
942 _2udc
_cBK
955 _a3